Perché chiedi il mio nome?: dio natura e diritto nel secolo XII
محفوظ في:
| المؤلف الرئيسي: | |
|---|---|
| التنسيق: | كتاب |
| اللغة: | الإيطالية |
| منشور في: |
Turín
G. Giappichelli
1997
|
| سلاسل: | Il Diritto nella Storia, 6
|
| الموضوعات: | |
| الوسوم: |
إضافة وسم
لا توجد وسوم, كن أول من يضع وسما على هذه التسجيلة!
|
MARC
| LEADER | 00000nam a2200000 a 4500 | ||
|---|---|---|---|
| 001 | UCO9860 | ||
| 003 | CL-VaPUC | ||
| 008 | 010309e19970000IT |||||||||||||||||ita|d | ||
| 082 | 0 | 4 | |a 340.55 |b PAD |2 21 |
| 100 | |a Padovani, Andrea |e autore |9 455038 | ||
| 245 | 1 | 0 | |a Perché chiedi il mio nome?: dio natura e diritto nel secolo XII |
| 300 | |a 346 p | ||
| 942 | |c BK | ||
| 945 | |d 20010309 00:00:00 |a vberengu | ||
| 260 | |a Turín |b G. Giappichelli |c 1997 | ||
| 650 | 0 | |a Derecho natural |9 255041 | |
| 650 | 0 | |a Historia de las doctrinas |9 255470 | |
| 650 | 0 | |a Derecho medieval |9 314261 | |
| 583 | |a last modification |c 20010309 00:00:00 |k Rodrigo Vera | ||
| 490 | 0 | |a Il Diritto nella Storia, 6 | |
| 999 | |c 293880 |d 293878 | ||
| 952 | |0 0 |1 0 |4 0 |6 340_550000000000000_PAD_1997 |7 0 |8 DER_HIS |9 345649 |a BIBDER |b BIBDER |d 2019-11-20 |i 3592030 |o 340.55 PAD 1997 |p 3592030 |r 2023-01-25 |w 2019-11-20 |x Ubicación 4to Piso |y BK |z Estos recursos deben solicitarse con anticipación |k DER | ||